000 01115cam a22002175a 4500
001 L158841
008 150809s2015 xxk f 000 0 eng d
035 _a(Sirsi) u158841
041 0 _aeng
110 2 _aUnited Kingdom
_kMinistry of Justice HM Courts and Tribunal Service
_96159
245 0 0 _aProposal on the provision of court and tribunal estate in England and Wales
_h[electronic resource]
260 _aLondon
_bMoJ
_c2015
520 _aConsultation on proposals to close a number of court buildings in England and Wales which are regarded as being underused and surplus to requirements as part of the HM Court and Tribunal Service's review of its real estate portfolio. Separate annexes list proposed court buildings earmarked for closure by region.
521 _aart
590 _aKA
650 2 4 _aCOURT BUILDINGS
651 4 _aENGLAND AND WALES
690 _aCommercial property
_96227
856 4 0 _uhttps://consult.justice.gov.uk/digital-communications/proposal-on-the-provision-of-court-and-tribunal-es
_zView the item free of charge from the www.consult.justice.gov.uk website.
942 _n0
999 _c115537
_d115537